000 00899nam a22002537a 4500
001 1548
003 FISKH
005 20230922100315.0
008 850725s1986 ctu b 001 0 eng
010 _a 85017500
020 _a9788172344566
040 _aFISKH
_cFISKH
_dFISKH
_beng
050 0 0 _aPS3511.I9
_bG8372 1986
082 0 0 _a813/.52
100 _aFitzgerald, Scott
_d1896-1940.
_qFrancis Scott Key Fitzgerald
245 0 0 _aThe great Gatsby /
_cF. Scott Fitzgerald
260 _aNew Delhi :
_bPrakash Books India Pvt. Ltd.
_c2022
300 _a224 pages :
_c20 cm
520 _aA young man, newly rich, tries to recapture the past and win back his former love, despite the fact that she is married.
521 8 _a1010
_bLexile
600 1 0 _aFitzgerald, F. Scott
_q(Francis Scott),
_d1896-1940.
_tGreat Gatsby.
906 _a7
_bcbc
_corignew
_d1
_eocip
_f19
_gy-gencatlg
942 _2ddc
_cBK
_n0
999 _c1548
_d1548